000 00487nam a2200193Ia 4500
005 20251120191845.0
008 230125s9999 xx 000 0 und d
020 _a978-81-89988-96-8
041 _aeng
082 _a158.1
_bDYE
100 _aDyer W W
_9214886
245 _aThe Shift
260 _c2010
_bHay House India
_aNew Delhi
300 _a119p
500 _aPersonality Development
650 _aPersonality Development
_9213420
700 _aDyer W W
_9214886
942 _cDB
999 _c92803
_d92803